000 01593cab a2200421 4500
001 ABS51033
008 090401t1994 xxu||||| |||| 00| 0 eng d
035 _a(Sirsi) u5957
041 _aeng
245 4 _aThe future world of advanced houses
260 _c1994
350 _a0
490 _aBuilding Services
_v16(7) July 1994, 26-34(9)
520 _aReports on the cutting edge in house design, including a review of the FutureWorld exhibition in Milton Keynes. Observes that UK housebuilders must consider new ways of making houses less energy intensive, following the imposition of vat on domestic fuel, widespread adoption of water metering and tougher insulation standards proposed for the Building Regulations. Includes case studies.
650 _aADVANCED HOUSES
650 _aALAN BAXTER ASSOCIATES
650 _aBREDEM
650 _aBRE DOMESTIC ENERGY MODEL
650 _aENERGY EFFICIENCY OFFICE
650 _aENERGY WORLD
650 _aFULCRUM ENGINEERING PARTNERSHIP
650 _aFUTUREWORLD
650 _aHOUSING DESIGN
650 _aMILTON KEYNES DEVELOPMENT CORPORATION
650 _aMILTON KEYNES HOUSING ASSOCIATION
650 _aMILTON KEYNES
650 _aNATIONAL ASTHMA CAMPAIGN
650 _aNATIONAL HOME ENERGY RATING SCHEME
650 _aNHBC
650 _aRIBA FUTUREHOUSE
650 _aURBAN ECONOMIC DEVELOPMENT GROUP
650 _aURBED
690 _aBUILT ENVIRONMENT-CONSTRUCTION DESIGN
690 _aBUILDING AND CONSTRUCTION-ENERGY CONSERVATION
690 _aEnvironment
_96238
942 _n0
948 _c04/03/1997
999 _c3569
_d3569